<?xml version="1.0" encoding="UTF-8"?>
<record
    xmlns:xsi="http://www.w3.org/2001/XMLSchema-instance"
    xsi:schemaLocation="http://www.loc.gov/MARC21/slim http://www.loc.gov/standards/marcxml/schema/MARC21slim.xsd"
    xmlns="http://www.loc.gov/MARC21/slim">

  <leader>00693nam a22001937a 4500</leader>
  <controlfield tag="003">OSt</controlfield>
  <controlfield tag="005">20170424171003.0</controlfield>
  <controlfield tag="008">170424s        sp ||||||    |00| ||spa|d</controlfield>
  <datafield tag="017" ind1=" " ind2=" ">
    <subfield code="a">DL M. 15771-1995</subfield>
  </datafield>
  <datafield tag="020" ind1=" " ind2=" ">
    <subfield code="a">843092647X</subfield>
  </datafield>
  <datafield tag="040" ind1=" " ind2=" ">
    <subfield code="a">ES-BaCBU</subfield>
    <subfield code="b">cat</subfield>
    <subfield code="c">CDMR</subfield>
  </datafield>
  <datafield tag="100" ind1="1" ind2=" ">
    <subfield code="a">Villaverde Men&#xE9;ndez, Ignacio,</subfield>
    <subfield code="d">1965-</subfield>
  </datafield>
  <datafield tag="245" ind1="1" ind2="4">
    <subfield code="a">Los derechos del p&#xFA;blico : el derecho a recibir informaci&#xF3;n del art&#xED;culo 20.1.d) de la Constituci&#xF3;n Espa&#xF1;ola de 1978 </subfield>
    <subfield code="c">/ Ignacio Villaverde Men&#xE9;ndez</subfield>
  </datafield>
  <datafield tag="260" ind1=" " ind2=" ">
    <subfield code="b">Tecnos,</subfield>
    <subfield code="c">1995</subfield>
    <subfield code="a">Madrid:</subfield>
  </datafield>
  <datafield tag="610" ind1="1" ind2="4">
    <subfield code="9">3827</subfield>
    <subfield code="a">Espanya</subfield>
    <subfield code="t">Constituci&#xF3;n (1978)</subfield>
  </datafield>
  <datafield tag="650" ind1="0" ind2="7">
    <subfield code="a">Llibertat d'informaci&#xF3;</subfield>
    <subfield code="z">Espanya</subfield>
    <subfield code="2">lemac</subfield>
    <subfield code="9">1574</subfield>
  </datafield>
  <datafield tag="650" ind1="0" ind2="4">
    <subfield code="a">Opini&#xF3; p&#xFA;blica</subfield>
    <subfield code="z">Espanya</subfield>
    <subfield code="9">2537</subfield>
  </datafield>
  <datafield tag="942" ind1=" " ind2=" ">
    <subfield code="c">MON</subfield>
  </datafield>
  <datafield tag="999" ind1=" " ind2=" ">
    <subfield code="c">7023</subfield>
    <subfield code="d">7023</subfield>
  </datafield>
  <datafield tag="952" ind1=" " ind2=" ">
    <subfield code="0">0</subfield>
    <subfield code="1">0</subfield>
    <subfield code="4">0</subfield>
    <subfield code="7">0</subfield>
    <subfield code="8">CIC</subfield>
    <subfield code="a">CDMR</subfield>
    <subfield code="b">CDMR</subfield>
    <subfield code="d">2017-04-24</subfield>
    <subfield code="g">12.62</subfield>
    <subfield code="l">0</subfield>
    <subfield code="o">CIC Cg 5/55</subfield>
    <subfield code="p">CDMR17040014</subfield>
    <subfield code="r">2017-04-24</subfield>
    <subfield code="v">12.62</subfield>
    <subfield code="w">2017-04-24</subfield>
    <subfield code="y">MON</subfield>
  </datafield>
</record>
